The social plays of Arthur Wing Pinero /

Bibliographic Details
Main Author: Pinero, Arthur Wing, 1855-1934
Other Authors: Hamilton, Clayton Meeker, 1881-1946
Format: Book
Language:English
Published: New York : E.P. Dutton & Company, 1917-

MARC

Tag First Indicator Second Indicator Subfields
LEADER 00000cam a2200000 4500
001 in00000035014
005 20151007063507.0
008 791010m19179999nyuc 00010 eng
010 |a  18001027  
035 |a (OCoLC)05510437 
035 |9 AAD7532AM 
040 |a DLC  |c CLE  |d TXA  |d UtOrBLW 
049 |a TXAM  |v 1 [11321]  |v 2 [199624]  |v 3 [180678]  |v 4 [199625] 
050 0 |a PR5180  |b .A2 1917 
082 0 |a 822.8 
092 |a 822  |b P651so 
100 1 |a Pinero, Arthur Wing,  |d 1855-1934. 
245 1 4 |a The social plays of Arthur Wing Pinero /  |c ed., with a general introduction and a critical preface to each play, by Clayton Hamilton ... 
264 1 |a New York :  |b E.P. Dutton & Company,  |c 1917- 
300 |a  volumes :  |b frontispiece (portrait) ;  |c 21 cm. 
336 |a text  |b txt  |2 rdacontent 
337 |a unmediated  |b n  |2 rdamedia 
338 |a volume  |b nc  |2 rdacarrier 
500 |a Library edition. 
505 0 |a v. 1. The second Mrs. Tanqueray. The notorious Mrs. Ebbsmith.--v. 2. The gay Lord Quex Iris.--v. 3. Letty. His house in order.--v. 4. The Thunderbolt. Mid-channel. 
700 1 |a Hamilton, Clayton Meeker,  |d 1881-1946. 
999 |a MARS 
999 f f |s 11f6ab94-5d30-31bd-b7d4-14cfbe289a25  |i 8f2893e6-8765-3f47-af55-893e11ebdc52  |t 0 
952 f f |p normal  |a Texas A&M University  |b College Station  |c Sterling C. Evans Library  |d Evans: Library Stacks  |t 0  |e PR5180 .A2 1917  |h Library of Congress classification  |i unmediated -- volume  |k v.2  |m A14801299324 
952 f f |p normal  |a Texas A&M University  |b College Station  |c Sterling C. Evans Library  |d Evans: Library Stacks  |t 0  |e PR5180 .A2 1917  |h Library of Congress classification  |i unmediated -- volume  |k v.3  |m A14801299332 
952 f f |p normal  |a Texas A&M University  |b College Station  |c Sterling C. Evans Library  |d Evans: Library Stacks  |t 0  |e PR5180 .A2 1917  |h Library of Congress classification  |i unmediated -- volume  |k v.4  |m A14801299340 
952 f f |p normal  |a Texas A&M University  |b College Station  |c Sterling C. Evans Library  |d Evans: Library Stacks  |t 0  |e PR5180 .A2 1917  |h Library of Congress classification  |i unmediated -- volume  |k v.1  |m A14801299316 
998 f f |a PR5180 .A2 1917  |s v.1-v.4  |t 0  |l Evans: Library Stacks